Online
Catalog

Matemáticas financieras II / (Record no. 45807)

MARC details
000 -CABECERA
campo de control de longitud fija 01035nam a2200229 a 4500
001 - NÚMERO DE CONTROL
campo de control 000046318
005 - FECHA Y HORA DE LA ÚLTIMA TRANSACCIÓN
campo de control 20201002052803.0
008 - DATOS DE LONGITUD FIJA--INFORMACIÓN GENERAL
campo de control de longitud fija 100908s2005 dr d 000 0 spa d
040 ## - FUENTE DE LA CATALOGACIÓN
Centro catalogador/agencia de origen DO-SdBNP
Lengua de catalogación spa
Centro/agencia transcriptor BNPHU
082 ## - NÚMERO DE LA CLASIFICACIÓN DECIMAL DEWEY
Número de clasificación 510
Número de documento/Ítem xxxxx
100 1# - ENTRADA PRINCIPAL--NOMBRE DE PERSONA
Nombre de persona Ventura Muñoz, Eduardo
9 (RLIN) 29603
245 10 - MENCIÓN DE TÍTULO
Título Matemáticas financieras II /
Mención de responsabilidad, etc. Eduardo Ventura Muñoz, Mayra Martínez Triana.
260 ## - PUBLICACIÓN, DISTRIBUCIÓN, ETC.
Lugar de publicación, distribución, etc. Santo Domingo :
Nombre del editor, distribuidor, etc. UCSD,
Fecha de publicación, distribución, etc. 2005.
300 ## - DESCRIPCIÓN FÍSICA
Extensión 136 p. : ;
Dimensiones 28 cm.
490 1# - MENCIÓN DE SERIE
Mención de serie Alandar
505 0# - NOTA DE CONTENIDO CON FORMATO
Información miscelánea unidad 1 --
Título Monto compuesto --
Información miscelánea unidad 2 --
Título Anualidades --
Información miscelánea unidad 3 --
Título Amortización y fondo de amortización --
Información miscelánea unidad 4 --
Título Anualidades anticipadas --
Información miscelánea unidad 5 --
Título Anualidades diferidas --
Información miscelánea unidad 6 --
Título Anualidades generales --
Información miscelánea unidad 7 --
Título Los bonos --
-- Tablas I --
-- Tablas II --
650 #4 - PUNTO DE ACCESO ADICIONAL DE MATERIA--TÉRMINO DE MATERIA
Término de materia o nombre geográfico como elemento de entrada Matemáticas financieras
9 (RLIN) 7099
650 #4 - PUNTO DE ACCESO ADICIONAL DE MATERIA--TÉRMINO DE MATERIA
Término de materia o nombre geográfico como elemento de entrada Matemáticas financieras
Subdivisión general Problemas, ejercicios, etc.
9 (RLIN) 7100
700 1# - PUNTO DE ACCESO ADICIONAL--NOMBRE DE PERSONA
Nombre de persona Martínez Triana, Mayra
9 (RLIN) 74341
710 1# - PUNTO DE ACCESO ADICIONAL--NOMBRE DE ENTIDAD CORPORATIVA
Nombre de entidad corporativa o nombre de jurisdicción como elemento de entrada Universidad Católica Santo Domingo
9 (RLIN) 1478
830 #0 - PUNTO DE ACCESO ADICIONAL DE SERIE-TÍTULO UNIFORME
Título uniforme Alandar
9 (RLIN) 74340
Holdings
Estado de retiro Estado de pérdida No para préstamo Código de colección Localización permanente Ubicación/localización actual Ubicación en estantería Fecha de adquisición Número de inventario Total de préstamos Signatura topográfica completa Código de barras Fecha visto por última vez Precio válido a partir de Tipo de ítem Koha
    Excluido de préstamo Patrimonio Dominicano General General Depósito 23.07.2015 LF1   510 xxxxx 46318-10 25.06.2020 25.06.2020 Libro y Folleto Colección Patrimonio Dominicano

Powered by Koha